[Event "Wch U18"]
[Site "Belfort"]
[Date "2005.07.21"]
[Round "3"]
[White "Chau, Olivier"]
[Black "Rodshtein, Maxim"]
[Result "0-1"]
[WhiteElo "2209"]
[BlackElo "2459"]
[PlyCount "98"]
[EventDate "2005.07.19"]
[EventType "swiss"]
[EventRounds "11"]
[EventCountry "FRA"]
[SourceTitle "CBM 107 Extra"]
[Source "ChessBase"]
[SourceDate "2005.09.01"]
[SourceVersion "1"]
[SourceVersionDate "2005.09.01"]
[SourceQuality "1"]

1. e4 c5 2. Nf3 e6 3. d4 cxd4 4. Nxd4 a6 5. Bd3 Bc5 6. Nb3 Be7 7. c4 d6 8. 0-0 Nf6 9. Nc3 Nbd7 10. f4 Qc7 11. Qf3 b6 12. Bd2 Bb7 13. Rae1 g6 14. Kh1 0-0 15. Qh3 Rfe8 16. Nd4 e5 17. Nf3 exf4 18. Bxf4 Nh5 19. Bh6 Bf8 20. Bxf8 Rxf8 21. Nd4 Ne5 22. b3 Ng7 23. Nd5 Bxd5 24. exd5 Rfe8 25. a4 Qc5 26. Ne2 Ra7 27. g4 h5 28. gxh5 Nxh5 29. Nf4 Nxf4 30. Rxf4 Qc8 31. Qxc8 Rxc8 32. Bf1 a5 33. h4 Kg7 34. Kg2 Rh8 35. Kg3 Re7 36. Rb1 Nd7 37. Bh3 f5 38. Bg2 Nc5 39. Bf3 Re3 40. h5 Nd3 41. Rd4 Ne5 42. Rf4 g5 43. Rxf5 g4 44. Rxe5 dxe5 45. Kxg4 Kh6 46. Rf1 Rf8 47. d6 Rf4+ 48. Kg3 Rd3 49. Rf2 Rxd6 0-1

[Event "FRA-ch U18"]
[Site "Calvi"]
[Date "2005.04.21"]
[Round "6"]
[White "Chau, Olivier"]
[Black "Huang, Hao"]
[Result "0-1"]
[WhiteElo "2186"]
[BlackElo "2091"]
[PlyCount "63"]
[EventDate "2005.04.??"]
[EventType "swiss"]
[EventRounds "9"]
[EventCountry "FRA"]
[SourceTitle "EXT 2006"]
[Source "ChessBase"]
[SourceDate "2005.11.24"]
[SourceVersion "1"]
[SourceVersionDate "2005.11.24"]
[SourceQuality "1"]

1. e4 e6 2. d4 d5 3. Nc3 Nf6 4. Bg5 Bb4 5. e5 h6 6. Bd2 Bxc3 7. bxc3 Ne4 8. Qg4 Kf8 9. Bd3 Nxd2 10. Kxd2 c5 11. h4 c4 12. Be2 Nc6 13. Qf4 Bd7 14. Rh3 b5 15. Bh5 Be8 16. Rf3 Qe7 17. Ne2 Rb8 18. Rg1 Rb7 19. Rh3 b4 20. g4 b3 21. axb3 cxb3 22. cxb3 Rxb3 23. Rf3 Na5 24. g5 Nc4+ 25. Kd1 Rb1+ 26. Nc1 Qa3 27. Bg6 hxg5 28. Qxg5 Ba4+ 29. Bc2 Bxc2+ 30. Ke2 Ke8 31. Rxf7 Be4 32. Rxg7 0-1

[Event "France-ch U16"]
[Site "Reims"]
[Date "2004.12.04"]
[Round "3"]
[White "Chau, Olivier"]
[Black "Ribeiro, Romain"]
[Result "1-0"]
[WhiteElo "2162"]
[BlackElo "2073"]
[PlyCount "82"]
[EventDate "2004.04.??"]
[EventType "swiss"]
[EventRounds "9"]
[EventCountry "FRA"]
[SourceTitle "EXT 2005"]
[Source "ChessBase"]
[SourceDate "2004.11.15"]
[SourceVersion "1"]
[SourceVersionDate "2004.11.15"]
[SourceQuality "1"]

1. e4 c5 2. Nf3 d6 3. d4 cxd4 4. Nxd4 Nf6 5. Nc3 a6 6. Be2 e6 7. 0-0 Be7 8. a4 Qc7 9. f4 Nc6 10. Kh1 0-0 11. Bf3 Bd7 12. Nb3 Rab8 13. a5 Nb4 14. Be3 e5 15. Bb6 Qc8 16. Qd2 exf4 17. Qxf4 Nc6 18. Rad1 Be6 19. Nd5 Bxd5 20. exd5 Ne5 21. Nd4 Re8 22. b3 Ng6 23. Qd2 Bd8 24. Bxd8 Qxd8 25. c4 Re5 26. Rde1 Nd7 27. Qb4 Nc5 28. Qc3 Rxe1 29. Rxe1 Ne5 30. Rf1 Rc8 31. Be2 g6 32. b4 Ne4 33. Qe3 f5 34. g4 Nxc4 35. Bxc4 Rxc4 36. gxf5 gxf5 37. Rxf5 Qe7 38. Ne6 Nf6 39. Qg5+ Kf7 40. Qg7+ Ke8 41. Nd8 Ng8 1-0

[Event "FRA-ch Accession"]
[Site "Val d'Isere"]
[Date "2004.08.19"]
[Round "3"]
[White "Brunner, Nicolas"]
[Black "Chau, Olivier"]
[Result "0-1"]
[WhiteElo "2257"]
[BlackElo "2190"]
[PlyCount "45"]
[EventDate "2004.08.16"]
[EventType "swiss"]
[EventRounds "11"]
[EventCountry "FRA"]
[SourceTitle "EXT 2016"]
[Source "ChessBase"]
[SourceDate "2015.10.08"]
[SourceVersion "1"]
[SourceVersionDate "2015.10.08"]
[SourceQuality "1"]

1. d4 Nf6 2. c4 e6 3. Nc3 Bb4 4. Qc2 0-0 5. a3 Bxc3+ 6. Qxc3 b6 7. Bg5 Ba6 8. e3 d6 9. Bd3 Nbd7 10. Nf3 c5 11. b4 cxd4 12. exd4 Rc8 13. Qb3 e5 14. dxe5 dxe5 15. Nd2 h6 16. Bh4 e4 17. Be2 Ne5 18. Rd1 Nd3+ 19. Bxd3 exd3 20. 0-0 g5 21. Bg3 Qd4 22. Rfe1 Rfe8 23. Qa4 0-1

[Event "EU-ch U16"]
[Site "Urgup"]
[Date "2004.07.??"]
[Round "2"]
[White "Sanikidze, Tornike"]
[Black "Chau, Olivier"]
[Result "1-0"]
[WhiteElo "2370"]
[BlackElo "2191"]
[PlyCount "49"]
[EventDate "2004.08.??"]
[EventType "swiss"]
[EventRounds "9"]
[EventCountry "TUR"]
[SourceTitle "EXT 2005"]
[Source "ChessBase"]
[SourceDate "2004.11.15"]
[SourceVersion "1"]
[SourceVersionDate "2004.11.15"]
[SourceQuality "1"]

1. e4 e5 2. Nf3 Nc6 3. Bb5 a6 4. Ba4 Nf6 5. 0-0 b5 6. Bb3 Bc5 7. c3 d6 8. d4 Bb6 9. Bg5 h6 10. Bh4 Bb7 11. Re1 0-0 12. a4 Re8 13. axb5 axb5 14. Rxa8 Bxa8 15. Qd3 g5 16. Nxg5 hxg5 17. Bxg5 Nb8 18. Qg3 Kf8 19. Qh4 Nbd7 20. Re3 exd4 21. Qh6+ Ke7 22. Rf3 Rh8 23. Bxf6+ Nxf6 24. Qxf6+ Kd7 25. Qf5+ 1-0

[Event "FRA-chT U20 0304"]
[Site "France"]
[Date "2004.05.01"]
[Round "9"]
[White "Chau, Olivier"]
[Black "Dourerassou, Jonathan"]
[Result "1/2-1/2"]
[WhiteElo "2153"]
[BlackElo "2250"]
[PlyCount "144"]
[EventDate "2003.11.??"]
[EventType "team-tourn"]
[EventRounds "11"]
[EventCountry "FRA"]
[SourceTitle "EXT 2005"]
[Source "ChessBase"]
[SourceDate "2004.11.15"]
[SourceVersion "1"]
[SourceVersionDate "2004.11.15"]
[SourceQuality "1"]
[WhiteTeam "Nancy"]
[BlackTeam "Creteil"]
[WhiteTeamCountry "FRA"]
[BlackTeamCountry "FRA"]

1. e4 c5 2. Nf3 d6 3. d4 cxd4 4. Nxd4 Nf6 5. Nc3 a6 6. Be2 e6 7. 0-0 Be7 8. a4 Qc7 9. Kh1 Nc6 10. f4 0-0 11. Be3 Re8 12. Qe1 Nxd4 13. Bxd4 e5 14. Be3 exf4 15. Rxf4 Be6 16. Rd1 Rac8 17. Qf2 Nd7 18. Qg3 Ne5 19. Rf2 Ng6 20. Rff1 Bh4 21. Qf3 Bf6 22. Bd4 Bxd4 23. Rxd4 Qb6 24. Qd3 Ne5 25. Qd2 Qxb2 26. Rb1 Qa3 27. Rxb7 Nc6 28. Rd3 Ne5 29. Rg3 Rb8 30. Bxa6 Rxb7 31. Bxb7 Rb8 32. Nd1 Qc5 33. Ba6 Bc4 34. Rc3 Rb1 35. h3 Qb4 36. Bxc4 Nxc4 37. Kh2 h6 38. Qe2 Ne5 39. Rc8+ Kh7 40. Nc3 Ra1 41. Qf2 Qb7 42. Rd8 Qc7 43. Qf5+ Ng6 44. Rc8 Qa7 45. Ne2 Re1 46. Qf3 Qa6 47. Rd8 Qb6 48. Re8 Qc7 49. Qc3 Qd7 50. Qxe1 Qxe8 51. Nc3 h5 52. Qg3 Qe6 53. a5 h4 54. Qg5 Qc4 55. Nd5 Qxe4 56. a6 Qa4 57. Qh5+ Kg8 58. Qe2 Ne5 59. c3 Qa5 60. Nb4 Qa1 61. Qe3 g6 62. a7 Qa5 63. Nc6 Qa3 64. Nxe5 dxe5 65. Qb6 Kg7 66. Qb8 Qxc3 67. Qb1 Qg3+ 68. Kh1 Qa3 69. Qb8 Qc1+ 70. Kh2 Qe3 71. a8Q Qg3+ 72. Kg1 Qe1+ 1/2-1/2

[Event "France-ch U16 playoff"]
[Site "Reims"]
[Date "2004.04.25"]
[Round "10"]
[White "Chau, Olivier"]
[Black "Dourerassou, Jonathan"]
[Result "1-0"]
[WhiteElo "2153"]
[BlackElo "2276"]
[PlyCount "71"]
[EventDate "2004.04.??"]
[EventType "tourn"]
[EventRounds "2"]
[EventCountry "FRA"]
[SourceTitle "EXT 2005"]
[Source "ChessBase"]
[SourceDate "2004.11.15"]
[SourceVersion "1"]
[SourceVersionDate "2004.11.15"]
[SourceQuality "1"]

1. e4 c5 2. Nf3 Nc6 3. d4 cxd4 4. Nxd4 e6 5. c4 a6 6. Be2 Qc7 7. 0-0 Nf6 8. Nc3 Be7 9. Be3 d6 10. f4 0-0 11. Rc1 Nxd4 12. Bxd4 Nd7 13. Qe1 Bf6 14. Bxf6 Nxf6 15. Kh1 Bd7 16. Qg3 Bc6 17. Bd3 Nd7 18. b4 b6 19. Rce1 f6 20. Re3 b5 21. cxb5 axb5 22. Nxb5 Bxb5 23. Bxb5 Rxa2 24. Rc3 Qa7 25. Bc4 Rb2 26. Bxe6+ Kh8 27. Qh3 Nb6 28. Bf5 g6 29. Bxg6 Rg8 30. Rg3 Rf2 31. Rc1 Rxf4 32. Qh6 Rf2 33. Rh3 Rg7 34. Bxh7 Rfxg2 35. Bg6+ Kg8 36. Qh8# 1-0

[Event "France-ch U16"]
[Site "Reims"]
[Date "2004.04.23"]
[Round "7"]
[White "Chau, Olivier"]
[Black "Deschamps, Remi"]
[Result "1-0"]
[WhiteElo "2162"]
[BlackElo "2095"]
[PlyCount "45"]
[EventDate "2004.04.??"]
[EventType "swiss"]
[EventRounds "9"]
[EventCountry "FRA"]
[SourceTitle "EXT 2005"]
[Source "ChessBase"]
[SourceDate "2004.11.15"]
[SourceVersion "1"]
[SourceVersionDate "2004.11.15"]
[SourceQuality "1"]

1. e4 e6 2. d4 d5 3. Nc3 Bb4 4. e5 c5 5. a3 Bxc3+ 6. bxc3 Ne7 7. Qg4 0-0 8. Bd3 Nbc6 9. Qh5 Ng6 10. Nf3 Qc7 11. Be3 c4 12. Bxg6 fxg6 13. Qg4 Ne7 14. h4 Nf5 15. Bd2 Qb6 16. h5 Qb2 17. Rc1 gxh5 18. Qxh5 h6 19. g4 Ng3 20. fxg3 Rxf3 21. g5 Rf7 22. gxh6 gxh6 23. Qxh6 1-0

[Event "France-ch U16"]
[Site "Reims"]
[Date "2004.04.20"]
[Round "4"]
[White "Genzling, Alain"]
[Black "Chau, Olivier"]
[Result "1/2-1/2"]
[WhiteElo "2032"]
[BlackElo "2162"]
[PlyCount "37"]
[EventDate "2004.04.??"]
[EventType "swiss"]
[EventRounds "9"]
[EventCountry "FRA"]
[SourceTitle "EXT 2005"]
[Source "ChessBase"]
[SourceDate "2004.11.15"]
[SourceVersion "1"]
[SourceVersionDate "2004.11.15"]
[SourceQuality "1"]

1. d4 d5 2. c4 e6 3. Nc3 Be7 4. cxd5 exd5 5. Nf3 Nf6 6. Bg5 0-0 7. e3 b6 8. Bd3 Bb7 9. 0-0 c5 10. Ne5 Nc6 11. Ba6 Qc8 12. Nxc6 Qxc6 13. Bxb7 Qxb7 14. Qf3 Rfd8 15. Rad1 c4 16. Bxf6 Bxf6 17. e4 dxe4 18. Nxe4 Kh8 19. Ra1 1/2-1/2

[Event "Nancy 2nd"]
[Site "Nancy"]
[Date "2004.02.21"]
[Round "7"]
[White "Chau, Olivier"]
[Black "Prakken, Gerrit"]
[Result "1/2-1/2"]
[WhiteElo "2153"]
[BlackElo "2272"]
[PlyCount "52"]
[EventDate "2004.02.??"]
[EventType "tourn"]
[EventRounds "9"]
[EventCountry "FRA"]
[EventCategory "3"]
[SourceTitle "CBM 098 Extra"]
[Source "ChessBase"]
[SourceDate "2004.03.10"]
[SourceVersion "2"]
[SourceVersionDate "2004.03.10"]
[SourceQuality "1"]

1. e4 e5 2. Nf3 Nc6 3. Bc4 Nf6 4. d3 Be7 5. 0-0 0-0 6. Re1 d6 7. c3 Na5 8. Bb5 c5 9. Nbd2 Nc6 10. Nf1 Be6 11. Ng3 Qc7 12. h3 Rad8 13. d4 cxd4 14. cxd4 exd4 15. Bf4 Qb6 16. Bxc6 bxc6 17. Qxd4 c5 18. Qa4 d5 19. exd5 Rxd5 20. Be5 h6 21. Rad1 Rfd8 22. Rxd5 Rxd5 23. Ne4 Nxe4 24. Qxe4 Rd8 25. Bc3 Bf8 26. a3 Bd5 1/2-1/2

[Event "Nancy 2nd"]
[Site "Nancy"]
[Date "2004.02.19"]
[Round "5"]
[White "Chau, Olivier"]
[Black "Spielmann, Alain"]
[Result "1/2-1/2"]
[WhiteElo "2153"]
[BlackElo "2257"]
[PlyCount "102"]
[EventDate "2004.02.??"]
[EventType "tourn"]
[EventRounds "9"]
[EventCountry "FRA"]
[EventCategory "3"]
[SourceTitle "CBM 098 Extra"]
[Source "ChessBase"]
[SourceDate "2004.03.10"]
[SourceVersion "2"]
[SourceVersionDate "2004.03.10"]
[SourceQuality "1"]

1. e4 e6 2. d4 d5 3. Nc3 Bb4 4. e5 c5 5. a3 Bxc3+ 6. bxc3 Ne7 7. Qg4 0-0 8. Bd3 f5 9. exf6 Rxf6 10. Bg5 Rf7 11. Qh5 g6 12. Qd1 Nbc6 13. Nf3 Qf8 14. 0-0 h6 15. Bxe7 Nxe7 16. Ne5 Rf6 17. Ng4 Rf7 18. Ne5 Rf6 19. Ng4 Rf7 20. Qc1 g5 21. Ne5 Rf6 22. g3 Nc6 23. Ng4 Rf3 24. Be2 Rxc3 25. Qd2 Nxd4 26. Bd1 Nf3+ 27. Bxf3 Rxf3 28. Ne5 Rf5 29. Rae1 b6 30. g4 Rf4 31. f3 Qg7 32. h4 Ba6 33. Rf2 d4 34. hxg5 hxg5 35. Rh2 Rd8 36. Rh5 Rd5 37. Nd3 Bxd3 38. Qxd3 Rf6 39. Qb5 Qd7 40. Rxg5+ Kf7 41. Qxd7+ Rxd7 42. Kg2 d3 43. cxd3 Rxd3 44. Rh1 Rdxf3 45. Rh7+ Ke8 46. Rxa7 Rf7 47. Rg8+ Rf8 48. Rxf8+ Rxf8 49. Rb7 Rf4 50. Rxb6 Rxg4+ 51. Kf3 Rg6 1/2-1/2

[Event "Vandoeuvre op"]
[Site "Vandoeuvre"]
[Date "2004.??.??"]
[Round "3"]
[White "Chau, Olivier"]
[Black "Philippe, Christophe"]
[Result "0-1"]
[WhiteElo "2184"]
[BlackElo "2371"]
[PlyCount "56"]
[EventDate "2004.12.26"]
[EventType "swiss"]
[EventRounds "9"]
[EventCountry "FRA"]
[SourceTitle "CBM 104 Extra"]
[Source "ChessBase"]
[SourceDate "2005.03.01"]
[SourceVersion "1"]
[SourceVersionDate "2005.03.01"]
[SourceQuality "1"]

1. e4 c5 2. Nf3 b6 3. d4 cxd4 4. Nxd4 Bb7 5. Bd3 Na6 6. 0-0 Nc5 7. Qe2 g6 8. f4 Nf6 9. Nc3 a6 10. e5 Nd5 11. Nxd5 Bxd5 12. c4 Bb7 13. Bc2 Qc7 14. f5 gxf5 15. Nxf5 0-0-0 16. b4 Rg8 17. Ng3 Ne6 18. Bxh7 Rh8 19. Be4 Bg7 20. Bxb7+ Kxb7 21. Bb2 Rh4 22. Rac1 Bh6 23. Rc3 Bf4 24. Rcf3 Bxg3 25. Rxg3 Rxc4 26. Rxf7 Rc2 27. Qe4+ Kb8 28. Rf2 Rxb2 0-1

[Event "Vandoeuvre op"]
[Site "Vandoeuvre"]
[Date "2004.??.??"]
[Round "1"]
[White "Cordier, Arnaud"]
[Black "Chau, Olivier"]
[Result "0-1"]
[WhiteElo "2010"]
[BlackElo "2184"]
[PlyCount "84"]
[EventDate "2004.12.26"]
[EventType "swiss"]
[EventRounds "9"]
[EventCountry "FRA"]
[SourceTitle "CBM 104 Extra"]
[Source "ChessBase"]
[SourceDate "2005.03.01"]
[SourceVersion "1"]
[SourceVersionDate "2005.03.01"]
[SourceQuality "1"]

1. e4 e5 2. Nf3 Nc6 3. Bb5 a6 4. Ba4 Nf6 5. 0-0 Be7 6. Re1 b5 7. Bb3 0-0 8. a4 Bb7 9. c3 d6 10. d4 h6 11. d5 Na5 12. Bc2 c6 13. dxc6 Bxc6 14. Nbd2 Qc7 15. b4 Nc4 16. Nxc4 bxc4 17. Qe2 Bb7 18. Nd2 Rac8 19. Nf1 Rfe8 20. Ng3 Bf8 21. Nf5 Kh7 22. Qf3 Ng8 23. Rd1 g6 24. Ne3 f5 25. Nd5 Bxd5 26. Rxd5 f4 27. g3 g5 28. h4 Nf6 29. Rd1 Qg7 30. gxf4 gxf4+ 31. Qg2 Rc7 32. Bxf4 exf4 33. e5+ Kh8 34. exf6 Qxf6 35. Qh3 Re5 36. Re1 Rh5 37. Re6 Qxh4 38. Qxh4 Rxh4 39. Kg2 Rg7+ 40. Kf3 Rh3+ 41. Kxf4 Rf7+ 42. Bf5 Rh5 0-1

[Event "FRA-chT U20 0203"]
[Site "Clichy"]
[Date "2003.05.03"]
[Round "9.1"]
[White "Dubedout, Jacques"]
[Black "Chau, Olivier"]
[Result "0-1"]
[WhiteElo "1770"]
[BlackElo "2134"]
[PlyCount "64"]
[EventDate "2002.12.??"]
[EventType "team-tourn"]
[EventRounds "11"]
[EventCountry "FRA"]
[SourceTitle "EXT 2004"]
[Source "ChessBase"]
[SourceDate "2003.11.25"]
[SourceVersion "1"]
[SourceVersionDate "2003.11.25"]
[SourceQuality "1"]
[WhiteTeam "Pau"]
[BlackTeam "Nancy"]
[WhiteTeamCountry "FRA"]
[BlackTeamCountry "FRA"]

1. d4 d5 2. c4 e6 3. Nc3 c5 4. Nf3 cxd4 5. Nxd4 Nf6 6. Bg5 e5 7. Nf3 d4 8. Nd5 Be7 9. Nxe7 Qxe7 10. g3 0-0 11. Bg2 Nc6 12. 0-0 h6 13. Bxf6 Qxf6 14. Qd2 e4 15. Ne1 Bf5 16. Rd1 Rad8 17. Qc1 Rfe8 18. Kh1 Qe6 19. f3 d3 20. exd3 exd3 21. Rd2 Qe3 22. Qd1 Qd4 23. b3 Re3 24. Rff2 Rde8 25. Rf1 Qc3 26. Rg1 Re2 27. Rxe2 Rxe2 28. g4 Bh7 29. f4 Rxa2 30. Bxc6 bxc6 31. f5 d2 32. Rf1 Ra1 0-1

[Event "FRA-ch U16"]
[Site "Le Grand Bornand"]
[Date "2003.??.??"]
[Round "6.9"]
[White "Chau, Olivier"]
[Black "Baeumlin, Francois"]
[Result "1-0"]
[WhiteElo "2125"]
[BlackElo "1984"]
[PlyCount "89"]
[EventDate "2003.??.??"]
[EventType "swiss"]
[EventRounds "9"]
[EventCountry "FRA"]
[SourceTitle "EXT 2004"]
[Source "ChessBase"]
[SourceDate "2003.11.25"]
[SourceVersion "1"]
[SourceVersionDate "2003.11.25"]
[SourceQuality "1"]

1. e4 c5 2. Nf3 Nc6 3. d4 cxd4 4. Nxd4 Nf6 5. Nc3 e5 6. Ndb5 d6 7. Bg5 a6 8. Na3 b5 9. Bxf6 gxf6 10. Nd5 Bg7 11. c3 f5 12. exf5 Bxf5 13. Nc2 0-0 14. Nce3 Be6 15. Bd3 f5 16. Qh5 e4 17. Bc2 Ne7 18. Nf4 Bf7 19. Bb3 Bxb3 20. axb3 Qe8 21. Qg5 h6 22. Qg3 Qf7 23. 0-0 Kh7 24. f3 Be5 25. Qh4 Bf6 26. Qh3 exf3 27. Rxf3 Bg5 28. Raf1 Qxb3 29. c4 Bxf4 30. Rxf4 bxc4 31. Rxc4 Rae8 32. Rh4 Ng8 33. Nxf5 Qxh3 34. Rxh3 Rb8 35. b3 Rf6 36. Rd3 Rb7 37. Nxd6 Rxf1+ 38. Kxf1 Rd7 39. Ke2 Nf6 40. Nc4 Re7+ 41. Kf3 Ne8 42. Re3 Rf7+ 43. Ke4 Nc7 44. Kd4 Kg6 45. Ne5+ 1-0

[Event "FRA-ch U16"]
[Site "Le Grand Bornand"]
[Date "2003.??.??"]
[Round "1.7"]
[White "Fourcart, Maxence"]
[Black "Chau, Olivier"]
[Result "0-1"]
[WhiteElo "1935"]
[BlackElo "2125"]
[PlyCount "56"]
[EventDate "2003.??.??"]
[EventType "swiss"]
[EventRounds "9"]
[EventCountry "FRA"]
[SourceTitle "EXT 2004"]
[Source "ChessBase"]
[SourceDate "2003.11.25"]
[SourceVersion "1"]
[SourceVersionDate "2003.11.25"]
[SourceQuality "1"]

1. d4 d5 2. c4 e6 3. Nc3 c5 4. cxd5 cxd4 5. Qxd4 Nc6 6. Qd1 exd5 7. Qxd5 Bd7 8. e4 Nf6 9. Qd1 Bb4 10. Bd3 Qe7 11. Bg5 0-0-0 12. Bxf6 Qxf6 13. Qb3 Be6 14. Bc4 Bxc4 15. Qxc4 Rd4 16. Qb3 Rxe4+ 17. Kf1 Na5 18. Qc2 Rc4 19. Nge2 Re8 20. f3 Rc6 21. Rd1 Nc4 22. Qd3 Ne3+ 23. Kf2 Rd6 24. Qb1 Nxd1+ 25. Rxd1 Bc5+ 26. Kf1 Rxd1+ 27. Qxd1 Qh4 28. Ne4 Rxe4 0-1

[Event "FRA-ch U16"]
[Site "Le Grand Bornand"]
[Date "2003.??.??"]
[Round "7.2"]
[White "Glicenstein, Asher"]
[Black "Chau, Olivier"]
[Result "1-0"]
[WhiteElo "2298"]
[BlackElo "2125"]
[PlyCount "89"]
[EventDate "2003.??.??"]
[EventType "swiss"]
[EventRounds "9"]
[EventCountry "FRA"]
[SourceTitle "EXT 2004"]
[Source "ChessBase"]
[SourceDate "2003.11.25"]
[SourceVersion "1"]
[SourceVersionDate "2003.11.25"]
[SourceQuality "1"]

1. e4 e5 2. Nf3 Nc6 3. Bb5 a6 4. Ba4 Nf6 5. 0-0 b5 6. Bb3 Bc5 7. a4 Rb8 8. c3 d6 9. d4 Bb6 10. axb5 axb5 11. Na3 exd4 12. cxd4 0-0 13. Nxb5 Bg4 14. Ra3 Re8 15. Re1 d5 16. e5 Ne4 17. Be3 Ba5 18. Na7 Nxa7 19. Rxa5 Nb5 20. Qd3 c6 21. Ra6 Re6 22. Bd1 Rg6 23. Kh1 Bc8 24. Ra2 Bf5 25. Qf1 c5 26. dxc5 d4 27. Bf4 Rg4 28. Bg3 Nxg3+ 29. fxg3 d3 30. Nd2 Be6 31. Bxg4 Bxa2 32. Bf5 Nd4 33. Bxd3 Rxb2 34. Bc4 Bxc4 35. Nxc4 Rc2 36. Nd6 Qc7 37. Rc1 Rxc1 38. Qxc1 Ne6 39. c6 Nd8 40. Nf5 Ne6 41. Qc3 Qb6 42. Qa1 Nd8 43. Ne7+ Kf8 44. Nd5 Qc5 45. c7 1-0

[Event "FRA-chT2"]
[Site "France"]
[Date "2002.03.??"]
[Round "9"]
[White "Hartweg, Nicolas"]
[Black "Chau, Olivier"]
[Result "0-1"]
[WhiteElo "2082"]
[BlackElo "2136"]
[PlyCount "84"]
[EventDate "2002.??.??"]
[EventType "team-tourn"]
[EventRounds "11"]
[EventCountry "FRA"]
[SourceTitle "EXT 2003"]
[Source "ChessBase"]
[SourceDate "2002.11.25"]
[SourceVersion "1"]
[SourceVersionDate "2002.11.25"]
[SourceQuality "1"]

1. d4 d5 2. c4 e6 3. Nc3 f5 4. Nf3 Nf6 5. Bf4 Bd6 6. Bxd6 Qxd6 7. e3 c6 8. a3 0-0 9. Bd3 Ne4 10. Ne5 Nd7 11. f4 b6 12. Rc1 Bb7 13. 0-0 Rac8 14. b4 Nxc3 15. Rxc3 c5 16. Nxd7 Qxd7 17. Be2 dxc4 18. dxc5 Qd5 19. e4 Qc6 20. Bxc4 Qxe4 21. Qf3 Bd5 22. Qxe4 fxe4 23. Rcc1 bxc5 24. bxc5 Rf7 25. g3 Rfc7 26. Ba6 Rb8 27. Rc2 Rb3 28. a4 Rb4 29. Bb5 g6 30. h3 Kf7 31. g4 Kf6 32. h4 a5 33. Kh2 Bb3 34. Rb2 Rxc5 35. Rfb1 Rc2+ 36. Rxc2 Bxc2 37. Rxb4 axb4 38. a5 e3 39. Kg3 b3 40. a6 b2 41. a7 Be4 42. Bd3 Bc6 0-1

[Event "FRA-ch U14"]
[Site "Hyeres"]
[Date "2002.??.??"]
[Round "8.4"]
[White "Chau, Olivier"]
[Black "Neau, Julien"]
[Result "1-0"]
[WhiteElo "2136"]
[BlackElo "2000"]
[PlyCount "87"]
[EventDate "2002.04.05"]
[EventType "swiss"]
[EventRounds "9"]
[EventCountry "FRA"]
[SourceTitle "EXT 2003"]
[Source "ChessBase"]
[SourceDate "2002.11.25"]
[SourceVersion "1"]
[SourceVersionDate "2002.11.25"]
[SourceQuality "1"]

1. e4 g6 2. d4 c6 3. Nc3 Bg7 4. Be3 d6 5. Nf3 Nf6 6. h3 0-0 7. Be2 Nbd7 8. 0-0 Qc7 9. a4 e5 10. Bc4 exd4 11. Nxd4 Nc5 12. f3 a5 13. Qd2 Rd8 14. Rad1 Ne6 15. Qf2 Qe7 16. Nb3 Nc7 17. Bb6 Be6 18. Bxe6 fxe6 19. Nxa5 Rd7 20. Nc4 Rad8 21. Rd3 Nh5 22. Be3 Rf8 23. Rfd1 Nf4 24. Rxd6 Rxd6 25. Nxd6 Bxc3 26. bxc3 Ncd5 27. exd5 Qxd6 28. Bc5 Qe5 29. Bxf8 Kxf8 30. Re1 Qxc3 31. dxe6 g5 32. e7+ Ke8 33. Kh2 Nd5 34. Qe2 Qa5 35. Qe6 Qc7+ 36. Kh1 Nxe7 37. Qg8+ Kd7 38. Qxh7 Qd6 39. Rxe7+ Qxe7 40. Qxe7+ Kxe7 41. Kh2 b5 42. axb5 cxb5 43. Kg3 Kd6 44. f4 1-0

[Event "FRA-ch U14"]
[Site "Hyeres"]
[Date "2002.??.??"]
[Round "4.2"]
[White "Chau, Olivier"]
[Black "Soyez, Cyril"]
[Result "1-0"]
[WhiteElo "2136"]
[BlackElo "2073"]
[PlyCount "115"]
[EventDate "2002.04.05"]
[EventType "swiss"]
[EventRounds "9"]
[EventCountry "FRA"]
[SourceTitle "EXT 2003"]
[Source "ChessBase"]
[SourceDate "2002.11.25"]
[SourceVersion "1"]
[SourceVersionDate "2002.11.25"]
[SourceQuality "1"]

1. e4 c5 2. Nf3 d6 3. d4 cxd4 4. Nxd4 Nf6 5. Nc3 g6 6. Be3 Bg7 7. f3 0-0 8. Qd2 Nc6 9. Bc4 Bd7 10. 0-0-0 Qa5 11. Nd5 Qxd2+ 12. Rxd2 Nxd5 13. Bxd5 Nxd4 14. Bxd4 Bh6 15. Bxb7 Rab8 16. Bd5 a5 17. Rf1 Bxd2+ 18. Kxd2 e6 19. Bc4 Bc6 20. Bd3 Rfd8 21. g4 d5 22. e5 Bb5 23. h4 Bxd3 24. Kxd3 Kf8 25. a4 Ke7 26. b3 Rdc8 27. Rf2 Kd7 28. Re2 Rg8 29. Re1 g5 30. h5 h6 31. Re2 Rgc8 32. Bc3 Rc5 33. Bd4 Rc6 34. Bc3 Ra8 35. Bd4 Rac8 36. Rf2 Kc7 37. Re2 Kb7 38. Bb2 Ka6 39. Bd4 Kb7 40. Bb2 Ka6 41. Bd4 Kb7 42. Bb2 Kc7 43. Bc3 Ra8 44. Bd4 Kd7 45. Re1 Re8 46. Re3 Ke7 47. Re2 Rb8 48. Bc3 f6 49. exf6+ Kf7 50. Bxa5 Kxf6 51. Bc3+ Kf7 52. Rf2 Ke7 53. Bg7 Rg8 54. Be5 Rf8 55. b4 Rc4 56. c3 Rxg4 57. Bd4 Rf7 58. fxg4 1-0